<?xml version="1.0" encoding="UTF-8"?>
<record
    xmlns:xsi="http://www.w3.org/2001/XMLSchema-instance"
    xsi:schemaLocation="http://www.loc.gov/MARC21/slim http://www.loc.gov/standards/marcxml/schema/MARC21slim.xsd"
    xmlns="http://www.loc.gov/MARC21/slim">

  <leader>01624nam a2200277 a 4500</leader>
  <controlfield tag="001">000082185</controlfield>
  <controlfield tag="005">20200120224706.0</controlfield>
  <controlfield tag="008">161130s2015    ck a|||gr|||| 000 ||spa d</controlfield>
  <datafield tag="020" ind1=" " ind2=" ">
    <subfield code="a">9788499985008 (v.1)</subfield>
  </datafield>
  <datafield tag="020" ind1=" " ind2=" ">
    <subfield code="a">9788499985466 (v.2)</subfield>
  </datafield>
  <datafield tag="041" ind1="0" ind2=" ">
    <subfield code="a">*+spa</subfield>
  </datafield>
  <datafield tag="043" ind1=" " ind2=" ">
    <subfield code="a">s-ck---</subfield>
  </datafield>
  <datafield tag="082" ind1="0" ind2="4">
    <subfield code="a">JH</subfield>
    <subfield code="b">RUBV</subfield>
  </datafield>
  <datafield tag="245" ind1="1" ind2="3">
    <subfield code="a">El rubius :</subfield>
    <subfield code="b">virtual hero /</subfield>
    <subfield code="c">ilustraciones, Mar&#xED;a Dolores Aldea.</subfield>
  </datafield>
  <datafield tag="260" ind1=" " ind2=" ">
    <subfield code="a">Bogot&#xE1; :</subfield>
    <subfield code="b">Planeta,</subfield>
    <subfield code="c">2015.</subfield>
  </datafield>
  <datafield tag="300" ind1=" " ind2=" ">
    <subfield code="a">2 v. :</subfield>
    <subfield code="b">ilustraciones a color.</subfield>
  </datafield>
  <datafield tag="505" ind1="0" ind2=" ">
    <subfield code="t">v.1</subfield>
    <subfield code="g">El rubius virtual hero I</subfield>
    <subfield code="t">v.2</subfield>
    <subfield code="g">El rubius virtual hero II: La torre imposible</subfield>
  </datafield>
  <datafield tag="506" ind1="0" ind2=" ">
    <subfield code="a">General</subfield>
  </datafield>
  <datafield tag="520" ind1="3" ind2=" ">
    <subfield code="a">"El personaje m&#xE1;s carism&#xE1;tico de la red, el youtuber con m&#xE1;s seguidores del panorama trolero actual, protagoniza este c&#xF3;mic inspirado en los videojuegos, que llevar&#xE1; a sus seguidores a explorar mundos diversos, a combatir contra criaturas hostiles o a superar pruebas imposibles. La l&#xF3;gica y la estrategia se combinan en estas p&#xE1;ginas para ofrecer al lector una historia &#xE9;pica, llena de acci&#xF3;n, con traidores, inocentes, enemigos y encuentros inesperados que termi&#xAD;nar&#xE1;n en descubrimientos sorprendentes. Convertido en un h&#xE9;roe de videojuego, ElRubius os pro&#xAD;pone acompa&#xF1;arlo en esta experiencia &#xFA;nica que os har&#xE1; viajar en el tiempo y transitar entre la dimensi&#xF3;n virtual y el mundo real."</subfield>
  </datafield>
  <datafield tag="650" ind1="1" ind2="7">
    <subfield code="a">Videojuegos en la literatura</subfield>
    <subfield code="2">LEMB</subfield>
  </datafield>
  <datafield tag="650" ind1="2" ind2="7">
    <subfield code="a">Viajes en el tiempo en la literatura</subfield>
    <subfield code="2">LEMB</subfield>
  </datafield>
  <datafield tag="650" ind1="2" ind2="7">
    <subfield code="a">H&#xE9;roes en la literatura</subfield>
    <subfield code="2">LEMB</subfield>
  </datafield>
  <datafield tag="650" ind1="2" ind2="7">
    <subfield code="a">Tiras comicas, historietas, etc</subfield>
    <subfield code="2">LEMB</subfield>
  </datafield>
  <datafield tag="650" ind1="2" ind2="7">
    <subfield code="a">Literatura juvenil</subfield>
    <subfield code="2">LEMB</subfield>
  </datafield>
  <datafield tag="700" ind1="1" ind2=" ">
    <subfield code="a">Aldea, Mar&#xED;a Dolores,</subfield>
    <subfield code="e">ilustradora</subfield>
  </datafield>
  <datafield tag="999" ind1=" " ind2=" ">
    <subfield code="c">10592</subfield>
    <subfield code="d">10592</subfield>
  </datafield>
  <datafield tag="952" ind1=" " ind2=" ">
    <subfield code="0">0</subfield>
    <subfield code="1">0</subfield>
    <subfield code="2">ddc</subfield>
    <subfield code="4">0</subfield>
    <subfield code="7">0</subfield>
    <subfield code="8">LJ</subfield>
    <subfield code="a">BPMOS</subfield>
    <subfield code="b">BPMOS</subfield>
    <subfield code="d">2020-01-20</subfield>
    <subfield code="i">114760</subfield>
    <subfield code="l">0</subfield>
    <subfield code="o">JH RUBV</subfield>
    <subfield code="p">MOS017566</subfield>
    <subfield code="r">2020-01-20</subfield>
    <subfield code="t">v.1 ej.1</subfield>
    <subfield code="w">2020-01-20</subfield>
    <subfield code="y">BK</subfield>
    <subfield code="z">Quince d&#xED;as</subfield>
  </datafield>
  <datafield tag="952" ind1=" " ind2=" ">
    <subfield code="0">0</subfield>
    <subfield code="1">0</subfield>
    <subfield code="2">ddc</subfield>
    <subfield code="4">0</subfield>
    <subfield code="7">0</subfield>
    <subfield code="8">LJ</subfield>
    <subfield code="a">BPMOS</subfield>
    <subfield code="b">BPMOS</subfield>
    <subfield code="d">2020-01-20</subfield>
    <subfield code="i">118324</subfield>
    <subfield code="l">8</subfield>
    <subfield code="m">1</subfield>
    <subfield code="o">JH RUBv</subfield>
    <subfield code="p">MOS503860</subfield>
    <subfield code="q">2025-02-22</subfield>
    <subfield code="r">2025-02-05</subfield>
    <subfield code="s">2025-02-05</subfield>
    <subfield code="t">v.2 ej.1</subfield>
    <subfield code="w">2020-01-20</subfield>
    <subfield code="y">BKINF</subfield>
    <subfield code="z">Quince d&#xED;as</subfield>
  </datafield>
</record>
